Directorio provisional de afiliados a la Cámara Nacional de Artesanía y Pequeña Industria de Costa Rica

Guardado en:
Bibliografiske detaljer
Institution som forfatter: Cámara Nacional de Artesanía y Pequeña Industria de Costa Rica
Format: Texto
Udgivet: San José :
Tags: Tilføj Tag
Ingen Tags, Vær først til at tagge denne postø!

MARC

LEADER 00000 a a2200000 04500
001 17263
003
040
090 |a 010900  
110 |a Cámara Nacional de Artesanía y Pequeña Industria de Costa Rica  
245 |a Directorio provisional de afiliados a la Cámara Nacional de Artesanía y Pequeña Industria de Costa Rica  
260 |a San José :  
300 |a 48 p.  
999 |c 13774  |d 13774